Manchester city - Statistiques

Statistiques générales
  • Ce quiz a été pris 29 fois
  • Le résultat moyen est 12 sur 20
Statistiques - réponses
Question Réponse % Correct
Quel joueur à été transféré de Leicester à Manchester City en 2018 ? Riyad Mahrez
96%
Quel numéro porte Phil Foden ? 47
93%
Quelle est la nationalité d’Ederson, le gardien de Manchester City ? Brésilienne
93%
Quel milieu espagnol a été un cadre de City entre 2010 et 2020 ? David Silva
89%
Quel trophée City a-t-il remporté pour compléter le triplé en 2023 ? La Ligue des Champions
89%
Qui a marqué le but de la victoire contre l’Inter en finale UCL 2023 ? Rodri
85%
De quel club provenait Jack Grealish ? Aston Villa
81%
Quel club était entraîné par Guardiola avant son arrivée à City ? Bayern Munich
78%
Quel joueur de City a également été un joueur clé à l’Atlético Madrid ? Rodri
70%
Quand a été fondé le club de Manchester City ? 1894
63%
Quel club a perdu contre City lors du dernier match de Premier League 2021-22 ? Aston villa (3-2)
63%
Quel joueur a inscrit un triplé contre Manchester United en 2022 ? Haaland
63%
Quel joueur est souvent aligné en faux numéro 9 sous Guardiola ? Bernardo Silva
59%
Quel joueur de City est surnommé "The Spider" ? Julian Alvarez
59%
Combien de fois City a-t-il remporté la Premier League entre 2018 et 2023 ? 5
44%
Qui a été capitaine lors de la finale de Ligue des Champions 2023 ? İlkay Gündoğan
41%
Quel club anglais a battu City en finale de FA Cup en 2011 ? Aucun
22%
Combien de buts Kevin De Bruyne a-t-il inscrits en Premier League en 2019-2020 ? 13
19%
Quel a été le premier titre remporté par Pep Guardiola à Manchester City ? League Cup
15%
Qui était le capitaine de Manchester City avant Vincent Kompany ? Richard Dunne
11%
Aucun quiz correspondant
Distribution des résultats
% des personnes avec chaque résultat
Percentile par nombre de réponses
Votre historique - résultats
Vous n’avez pas pris ce quiz